Kompetenzprofil eines Übersetzers. Beispiel zur Entwicklung der Textanalyse-Kompetenz

Na minha lista:
Detalhes bibliográficos
Autor principal: Seresová, Katarína, 1967-
Formato: Capítulo de Livro
Idioma:alemão
Assuntos:
Tags: Adicionar Tag
Sem tags, seja o primeiro a adicionar uma tag!

MARC

LEADER 00000naa$a2200000$$$4500
001 0204662
005 20240502083514.3
041 0 |a ger 
044 |a DE 
245 1 0 |a Kompetenzprofil eines Übersetzers. Beispiel zur Entwicklung der Textanalyse-Kompetenz  |c Katarína Seresová 
610 2 0 |a jazyky cudzie 
610 2 0 |a nemčina 
610 2 0 |a preklady odborné 
610 2 0 |a tlmočníci 
100 1 |a Seresová, Katarína, 1967-